01052 2200301 4500001002100000005001500021035002000036007000300056008004100059020002200100082001200122084002100134100001500155245007000170250002900240300004100269650001900310700001700329520025900346600001100605336001500616337001300631338001500644260004100659990001800700990001600718990001600734INLIS00000000003520520230111031741 a0010-0619035205ta230111 b 0 ind  a978-602-268-334-6 a2X0.092 aSR 2X0.092 YOL a0 aYoli Hemdi1 aAl-Kindi Musisi Pencipta Terapi Musik /cYoli Hemdi; editor, Aang acetakan 1 : Januari 2019 aiv, 46 halaman :bilustrasi ;c21 cm 4aBiografi Islam0 aAangeeditor aPenemuan cara pengobatan melalui terapi musik ternyata juga ditemukan oleh ilmuwan muslim. sosok istimewa yang menjadi dokter bagi pasienya dengan penyembuhan yang sangat unik . Al-Kindi adalah sosok musisi sejati tidak saja sangat mahir memainkan kecapi 4aMusisi 2rdacontent 2rdamedia 2rdacarrier aJakarta :bLuxima Metro Media,c2019 a039963.052780 a51134.63954 a51135.63955